[Event "Titled Tuesday intern op 5th May"]
[Site "Chess.com INT"]
[Date "2020.05.05"]
[Round "6"]
[White "Delorme, Alban"]
[Black "Vavulin, Maksim"]
[Result "0-1"]
[WhiteElo "2322"]
[BlackElo "2554"]
[PlyCount "93"]
[EventDate "2020.05.05"]
[EventType "swiss (blitz)"]
[EventRounds "10"]
[EventCountry "USA"]
[SourceTitle "CBM 196 Extra"]
[Source "ChessBase"]
[SourceDate "2020.07.31"]
[SourceVersion "1"]
[SourceVersionDate "2020.07.31"]
[SourceQuality "1"]

1. Nf3 Nf6 2. g3 b6 3. Bg2 Bb7 4. d4 c5 5. c4 cxd4 6. Qxd4 g6 7. 0-0 Bg7 8. Bg5 d6 9. Nc3 Nbd7 10. Qd2 h6 11. Bf4 Rc8 12. b3 a6 13. Rac1 Nc5 14. Rfd1 Ne6 15. Nd5 Nxf4 16. Nxf6+ Bxf6 17. Qxf4 Bg7 18. h4 0-0 19. h5 g5 20. Qe3 Qc7 21. Nd4 Bxg2 22. Kxg2 e6 23. Rc2 Qc5 24. Rcd2 b5 25. cxb5 axb5 26. Nc2 Qxe3 27. Nxe3 d5 28. f4 Rc3 29. Rd3 gxf4 30. gxf4 Rfc8 31. Kf3 b4 32. f5 Kf8 33. fxe6 fxe6 34. Ng4 Ke7 35. e4 Rf8+ 36. Ke3 d4+ 37. Ke2 e5 38. Nf2 Bf6 39. Rg1 Bg5 40. Rxc3 bxc3 41. Nh3 Be3 42. Rg7+ Kd6 43. Kd3 Rf1 44. b4 Rd1+ 45. Kc4 c2 46. Rg6+ Ke7 47. Kd5 0-1

[Event "Titled Tuesday intern op 5th May"]
[Site "Chess.com INT"]
[Date "2020.05.05"]
[Round "1"]
[White "Vavulin, Maksim"]
[Black "Korkmaz, Necmettin"]
[Result "1-0"]
[WhiteElo "2554"]
[BlackElo "2210"]
[PlyCount "89"]
[EventDate "2020.05.05"]
[EventType "swiss (blitz)"]
[EventRounds "10"]
[EventCountry "USA"]
[SourceTitle "CBM 196 Extra"]
[Source "ChessBase"]
[SourceDate "2020.07.31"]
[SourceVersion "1"]
[SourceVersionDate "2020.07.31"]
[SourceQuality "1"]

1. e4 e6 2. d4 d5 3. Bd3 dxe4 4. Bxe4 Nf6 5. Bf3 c5 6. Ne2 Nc6 7. Be3 cxd4 8. Nxd4 Ne5 9. Nc3 Be7 10. Qe2 0-0 11. 0-0-0 Nxf3 12. Qxf3 Qa5 13. g4 Bb4 14. g5 Nd5 15. Nb3 Qa6 16. Nxd5 exd5 17. Kb1 Be6 18. Bd4 Rac8 19. Rhg1 b6 20. h4 Qc4 21. c3 Bd6 22. h5 a5 23. h6 a4 24. hxg7 Rfe8 25. Nd2 Qb5 26. Rh1 a3 27. b3 Qd7 28. Rde1 Bf5+ 29. Ka1 Bg6 30. Qxd5 Qc7 31. Nc4 Bc5 32. Bxc5 Qxc5 33. Qxc5 bxc5 34. Nxa3 Rxe1+ 35. Rxe1 Kxg7 36. Kb2 Rd8 37. Nc4 Rd3 38. a4 Rf3 39. Re2 Rf5 40. a5 Rd5 41. a6 Rd8 42. a7 Ra8 43. Re7 Be4 44. Rc7 Rxa7 45. Rxa7 1-0

[Event "Titled Tuesday intern op 5th May"]
[Site "Chess.com INT"]
[Date "2020.05.05"]
[Round "7"]
[White "Vavulin, Maksim"]
[Black "Mekhitarian, Krikor Sevag"]
[Result "1-0"]
[WhiteElo "2554"]
[BlackElo "2554"]
[PlyCount "73"]
[EventDate "2020.05.05"]
[EventType "swiss (blitz)"]
[EventRounds "10"]
[EventCountry "USA"]
[SourceTitle "CBM 196 Extra"]
[Source "ChessBase"]
[SourceDate "2020.07.31"]
[SourceVersion "1"]
[SourceVersionDate "2020.07.31"]
[SourceQuality "1"]

1. e4 c5 2. Nf3 g6 3. d4 cxd4 4. Nxd4 Nc6 5. Nc3 Bg7 6. Be3 Nf6 7. Bc4 0-0 8. Bb3 Re8 9. f3 e6 10. f4 d6 11. Qf3 a6 12. 0-0-0 Qc7 13. Kb1 Nxd4 14. Rxd4 b5 15. Rhd1 Bb7 16. a3 Rad8 17. Qe2 e5 18. fxe5 dxe5 19. Rxd8 Rxd8 20. Rxd8+ Qxd8 21. Qf3 Qd6 22. g4 Qd7 23. g5 Ne8 24. Nd5 Bxd5 25. Bxd5 Nc7 26. Bb3 Ne6 27. h4 Nd4 28. Bxd4 exd4 29. h5 Be5 30. Ka2 Qe7 31. Qg4 gxh5 32. Qxh5 a5 33. g6 hxg6 34. Qxg6+ Bg7 35. Qb6 b4 36. a4 Qe5 37. Qd8+ 1-0